000
00328nam a2200121 4500
008
b xx# fre u
040
_a
LB-BrCRDP
082
1
_a
370.1
_b
FUA
100
1
_a
Fualkow, Jacques
245
1
3
_a
La gestion de la classe
_c
Jacques Fualkow
942
_c
BK
999
_c
9759
_d
9759